| 000 | 00507nam a2200133 a 4500 | ||
|---|---|---|---|
| 008 | 120416s1971 ||||||||||||||||| || u | ||
| 050 | _aTK 7878.4 Eng | ||
| 100 | _aEngelson, Morris | ||
| 245 | 1 | 0 | _aSpectrum analyzer measurements, theory and practice |
| 260 |
_aBeaverton, Oregon _bTektronix _c1971 |
||
| 300 | _a(iv), 392p. : ill | ||
| 350 | _a0.00 | ||
| 995 |
_D0.00 _FCBU-MAIN LIBRARY (Kitwe) _H1 _I19.00 _UAVAILABLE _ZMain Library Open Access Collection |
||
| 999 |
_c58087 _d58087 |
||